Регионална библиотека "Любен Каравелов" - Русе

Новите приятели на Мечо Клепоушко (Запис номер 148813)

MARC детайли
000 -Лидер
Контролно поле с фиксирана дължина 01373nam a2200325 c 4500
003 - Код на организацията, давaща контролен номер
Контролно поле BLK
005 - Дата и час на последна редакция
Контролно поле 20250607112134.0
008 - Елементи от данни с фиксирана дължина
fixed length control field 180410b bul|||||r ||||||| ||bul||
010 ## - Наследен системен номер
LC control number KNG00155041000
040 ## - Източник на каталожния запис
Идентификатор на билиотеката - собственик на записа BLK
041 ## - Код за език
Код за езика на текст/звукозапис или на отделно заглавие Български
Код за езика КДБФ Български
080 ## - УДК
Текстов определител УДК Полска литература
УДК код - определител по УДК 821.162.1
УДК определител -93-34
УДК - код + определител 821.162.1-93-34
100 1# - Редна дума - Автор
Автор Янчарски, Чеслав
Авторска отговорност първи автор
R(LIN) 145960
139 ## - Редно поле
Редна дума Янчарски, Чеслав
Авторски знак Янч - Я 71
245 10 - Сведения за заглавието
Заглавие Новите приятели на Мечо Клепоушко
Подзаглавни данни Приказки
Редно поле (дума) Чеслав Янчарски; прев. от пол. Сабина Радева; ил. Збигнев Рихлицки.
250 ## - Област на изданието
Сведения за изданието 2. изд.
257 ## - Страна на издаване
Страна на създаване/издаване Полша
260 ## - Област на издателските данни
-- София
Име на издателя, разпространителя и проч. Отечество
Година на издаване 1977
300 ## - Физическа характеристика
Страници 79 с.
Илюстрации и др. с ил.
Размери/Мащаб 32 см
380 ## - Жанр
Жанр Детска худож. лит.
500 ## - Общи забележки
Забележка Ориг. заг. Nowi przyjaciele Misia Uszatka / Ч. Янчарски. - 1. изд. 1966. - 150 100 тир.
700 1# - Други автори (авторска отговорност)
Лично име Радева, Сабина
Автороска отговорност (Описва отношението между автора и произведението) прев. от пол.
9 (RLIN) 375957
700 1# - Други автори (авторска отговорност)
Лично име Рихлицки, Збигнев
Автороска отговорност (Описва отношението между автора и произведението) ил.
9 (RLIN) 330137
852 ## - Местоположение
Форматна сигнатура Цб ІІ 19140
856 4# - Електронен адрес и достъп
Електронен формат pdf - файл
Път до файла /url/
856 4# - Електронен адрес и достъп
Електронен формат pdf - файл
Път до файла /url/
942 ## - АРТИКУЛИ
Вид на библиотечния материал Книги
Скрит в OPAC Не
Koha issues (borrowed), all copies 2
944 ## - СЪЗДАВАНЕ И РЕДАКЦИЯ на ЗАПИСА
Създаване/Редакция Създаване
Дата на регистрацията/редакция 27.12.2013
Статус, дата на статуса Бояна Костадинова
Служител, извършил регистрацията/редакцията 30551
944 ## - СЪЗДАВАНЕ И РЕДАКЦИЯ на ЗАПИСА
Създаване/Редакция Редакция
Дата на регистрацията/редакция 27.12.2013
Статус, дата на статуса 27.12.2013 - от С1,Р / 27.12.2013
Служител, извършил регистрацията/редакцията
999 ## - СИСТЕМНИ КОНТРОЛНИ НОМЕРА
Koha biblionumber 148813
Koha biblioitemnumber 148813
Наличности
Код за отписване Код за изгубен артикул Източник на класификационната схема Код за повреда Коз за рестрикции Код за отдаване Артикулен № Име на библиотеката - собственик Име на библиотеката, в която се намира в момента Статус (Текущо местоположение) Дата на вписване в системата Местоположение - отдел Цена в лева Инвентарен номер Систематично азбучна сигнатура Баркод Номер на екземпляра Цена в евро Служебна бележка Служебен тип на артикула
  Не е изгубен Universal Decimal Classification Не е повреден само за читалня ползва се в читалня 248039 Регионална библиотека "Любен Каравелов" Русе Регионална библиотека "Любен Каравелов" Русе Хранилище 1977-01-01 Хранилище 1.31 234640 Цб ІІ 19140 120000234640 1 0.67 N: стар фонд Дата: 01.01.1977 Книги
Изтеглен Не е изгубен Universal Decimal Classification Не е повреден без рестрикции заемане за дома 248040 Регионална библиотека "Любен Каравелов" Русе Регионална библиотека "Любен Каравелов" Русе Детски отдел 1977-01-01 Детски отдел 1.31 244055 ДХ 820/899/Я 71 244055 2 0.67 N: стар фонд Дата: 01.01.1977 Дата инв: 17.09.2015 Бележки инв: Д2015 Книги
  Не е изгубен Universal Decimal Classification Не е повреден без рестрикции заемане за дома 248041 Регионална библиотека "Любен Каравелов" Русе Регионална библиотека "Любен Каравелов" Русе Детски отдел 1977-01-01 Детски отдел 1.31 244056 ДХ 820/899/Я 71 120000244056 3 0.67 N: стар фонд Дата: 01.01.1977 Дата инв: 17.09.2015 Бележки инв: Д2015 Книги
Изтеглен Не е изгубен Universal Decimal Classification Не е повреден без рестрикции заемане за дома 248042 Регионална библиотека "Любен Каравелов" Русе Регионална библиотека "Любен Каравелов" Русе Детски отдел 1977-01-01 Детски отдел 1.31 244059 ДХ 820/899/Я 71 244059 4 0.67 N: стар фонд Дата: 01.01.1977 Дата инв: 18.09.2015 Бележки инв: Д2015 Книги
  Не е изгубен Universal Decimal Classification Не е повреден без рестрикции заемане за дома 248043 Регионална библиотека "Любен Каравелов" Русе Регионална библиотека "Любен Каравелов" Русе Детски отдел 1977-01-01 Детски отдел 1.31 244060 ДХ 820/899/Я 71 120000244060 5 0.67 N: стар фонд Дата: 01.01.1977 Дата инв: 14.08.2015 Бележки инв: Д2015 Книги
Изтеглен Не е изгубен Universal Decimal Classification Не е повреден без рестрикции заемане за дома 248044 Регионална библиотека "Любен Каравелов" Русе Регионална библиотека "Любен Каравелов" Русе Детски отдел 1977-01-01 Детски отдел 1.31 244061 ДХ 820/899/Я 71 244061 6 0.67 N: стар фонд Дата: 01.01.1977 Дата инв: 17.09.2015 Бележки инв: Д2015 Книги
Изтеглен Не е изгубен Universal Decimal Classification Не е повреден без рестрикции заемане за дома 248045 Регионална библиотека "Любен Каравелов" Русе Регионална библиотека "Любен Каравелов" Русе Детски отдел 1977-01-01 Детски отдел 1.31 244062 ДХ 820/899/Я 71 244062 7 0.67 N: стар фонд Дата: 01.01.1977 Дата инв: 17.09.2015 Бележки инв: Д2015 Книги
Изтеглен Не е изгубен Universal Decimal Classification Не е повреден без рестрикции заемане за дома 248046 Регионална библиотека "Любен Каравелов" Русе Регионална библиотека "Любен Каравелов" Русе Детски отдел 1977-01-01 Детски отдел 1.31 244063 ДХ 820/899/Я 71 244063 8 0.67 N: стар фонд Дата: 01.01.1977 Дата инв: 17.09.2015 Бележки инв: Д2015 Книги
Изтеглен Не е изгубен Universal Decimal Classification Не е повреден без рестрикции заемане за дома 248047 Регионална библиотека "Любен Каравелов" Русе Регионална библиотека "Любен Каравелов" Русе Детски отдел 1977-01-01 Детски отдел 1.36 418136 ДХ 820/899/Я 71 418136 9 0.70 N: стар фонд Дата: 01.01.1977 Дата инв: 17.09.2015 Бележки инв: Д2015 Книги
Изтеглен Не е изгубен Universal Decimal Classification Не е повреден без рестрикции заемане за дома 248048 Регионална библиотека "Любен Каравелов" Русе Регионална библиотека "Любен Каравелов" Русе Детски отдел 1977-01-01 Детски отдел 0.13 633399 ДХ 820/899/Я 71 633399 10 0.07 N: стар фонд Дата: 01.01.1977 Дата инв: 17.09.2015 Бележки инв: Д2015 Книги
Vip Innovations Ltd, Rousse, Bulgaria 2025